000 00701nam a22002177a 4500
003 UA-OsUOA
001 109062
007 ta
008 20141125b un ||||| |||| 00| 0 ukr d
100 _aПереверзенцев С.В.
090 _a2
_bП27
942 _cSA
040 _aUA-OsUOA
_brus
_cUA-OsUOA
_dUA-OsUOA
245 _aПреподобный Сергий Радонежский в истории России
300 _aС.3-12
955 _a0
041 _arus
080 _a2
773 0 _w109061
_tВестник Московского университета. Серия 12. Политические науки
_dМ.
_d2014
_g2
650 7 _a2 Релігія. Теологія.
_2UDC
999 _c395824
_d395824